000 00412nam a2200157Ia 4500
001 37469
005 20240114001934.0
007 ta
008 070611s g b000 u u
082 _a820.9
_bT 392 P
100 _aThorlby, Anthony .
245 0 _aEuropean Literature (Penguin Companion) /
_cAnthony Thorlby.
_hTextual Documents
653 _aEnglish Literature
942 _2ddc
_cBK
999 _c37448
_d37448